000 00313nam a22001337a 4500
008 180820b xxu||||| |||| 00| 0 eng d
020 _a9780470815779
041 _aeng
080 _a338
100 _a53
101 _aMAN
245 _aMANAGEMENT THE AOTERAO NEW ZELAND CONTEXT
_cJONES.G
942 _2udc
_cBK
999 _c47233
_d47233